|
|
|
|
| LEADER |
00000naa2a2200000 4500 |
| 001 |
174759 |
| 005 |
20231101223200.0 |
| 035 |
|
|
|a (RuTPU)RU\TPU\book\189507
|
| 035 |
|
|
|a RU\TPU\book\189445
|
| 090 |
|
|
|a 174759
|
| 100 |
|
|
|a 20100204d1945 k y0rusy50 ca
|
| 101 |
0 |
|
|a eng
|
| 102 |
|
|
|a RU
|
| 200 |
1 |
|
|a Cycles, phases and stages of endogenetic geological processes
|f M. A. Usov
|g translator A. Brashnina
|
| 225 |
1 |
|
|a Тектоника и металлогения
|
| 463 |
|
0 |
|0 (RuTPU)RU\TPU\book\122509
|t Вопросы геологии Сибири
|h Т. 1
|f Академия наук СССР (АН СССР) ; под ред. В. А. Обручева
|v С. 334-339
|d 1945
|p 348 с.
|
| 610 |
1 |
|
|a геолого-географические науки
|
| 610 |
1 |
|
|a труды учёных ТПУ
|
| 610 |
1 |
|
|a эндогенные процессы
|
| 610 |
1 |
|
|a циклы
|
| 610 |
1 |
|
|a фазы
|
| 610 |
1 |
|
|a вулканические циклы
|
| 610 |
1 |
|
|a геотектогенез
|
| 700 |
|
1 |
|a Usov
|b M. A.
|2 stltpush
|3 (RuTPU)RU\TPU\pers\25587
|9 11517
|
| 702 |
|
1 |
|a Brashnina
|b A.
|4 730
|
| 801 |
|
0 |
|a RU
|b 63413507
|c 20011210
|g PSBO
|
| 801 |
|
2 |
|a RU
|b 63413507
|c 20100204
|g PSBO
|
| 942 |
|
|
|c BK
|